004820000a2200133000450024501580000065000180015865000180017665100130019404100140020710000240022111000410024565000340028677300280032010aSistemática en Colombia para el siglo XXI: programa nacional para el estudio de la megadiversidad del país en los próximos 25 años, informe final14aBiodiversidad14aSistemática 4pColombia0 aEspañol1 aSarmiento, Fernando1 aAsociación Colombiana de Herbarios14aPolítica de investigación1 tPreprint33q1-23d1996